000 00589nam a22001817a 4500
005 20240116084749.0
008 231108b |||||||| |||| 00| 0 eng d
020 _a0702148105
041 _aEnglish
082 _a346.3 BUR
100 _aBurchell, J
_lEnglish
245 _aPersonality Rights and Freedom of Expression :
_bThe Modern Actio Injuriarum /
_cJ Burchell
250 _aFirst Edition
260 _aCape Town :
_bJuta and Company Ltd,
_c1998
300 _bxxviii, 541 pages ;
_c25,5 cm.
650 _aLegal practice
_bLaw
942 _cBK
_6ALISON_BN_VRIES
999 _c430
_d430